Histoires

Saved in:
Bibliographic Details
Main Author: Heródoto (Author)
Format: Book
Language:French
Greek, Modern (1453- )
Published: París Société d'édition Les belles lettres 1951
Series:Collection des Universités de France
Subjects:
Tags: Add Tag
No Tags, Be the first to tag this record!

MARC

LEADER 00000nam a2200000 a 4500
001 UCL0576
003 CL-VaPUC
008 030728e19510000FR |||||||||||||||||fre|d
041 0 7 |a fre  |2 CL-VaPUC 
041 0 7 |a gre  |2 CL-VaPUC 
082 0 4 |a 938  |b HER  |2 21 
100 0 |a Heródoto  |e author  |9 337011 
245 1 0 |a Histoires 
300 |a v 
942 |c BK 
945 |d 20030728 00:00:00  |a cmena 
260 |a París  |b Société d'édition Les belles lettres  |c 1951 
500 |a v.7 :Polymnie 
650 0 |a Historia  |9 255047 
651 0 |a Grecia  |9 265314 
583 |a last modification  |c 20030728 00:00:00  |k Rodrigo Vera 
490 0 |a Collection des Universités de France 
999 |c 304394  |d 304392 
952 |0 0  |1 0  |4 0  |6 938_000000000000000_HER_1951  |7 0  |8 DER_ROM  |9 366439  |a BIBDER  |b BIBDER  |d 2019-11-21  |h v.7  |i 3864413  |o 938 HER 1951  |p 3864413  |r 2023-01-25  |w 2019-11-21  |x Ubicación 4to piso  |y BK  |z Este recurso debe solicitarse con anticipación  |k DER